Get the Picture: Tom Cruise or Val Kilmer Quiz Stats

 Plays Quiz Updated May 24, 2019

Score 0/20 Timer 03:00
11 Plays Today
Question Answer Wrong Answers
Jerry Maguire Tom Cruise
96.5%
Val Kilmer
1.4%
A Few Good Men Tom Cruise
94.9%
Val Kilmer
3.2%
Risky Business Tom Cruise
94.5%
Val Kilmer
3.5%
The Doors Val Kilmer
94.1%
Tom Cruise
4.3%
Minority Report Tom Cruise
93.2%
Val Kilmer
5%
Eyes Wide Shut Tom Cruise
93%
Val Kilmer
4.9%
Days of Thunder Tom Cruise
93%
Val Kilmer
5.2%
Batman Forever Val Kilmer
92.5%
Tom Cruise
5.4%
Tombstone Val Kilmer
90.7%
Tom Cruise
7.4%
The Saint Val Kilmer
89.8%
Tom Cruise
8.1%
Interview with the Vampire Tom Cruise
89%
Val Kilmer
9.3%
The Island of Dr. Moreau Val Kilmer
86.9%
Tom Cruise
11%
The Real McCoy Val Kilmer
82.7%
Tom Cruise
15.3%
Heat Val Kilmer
82.7%
Tom Cruise
15.4%
Red Planet Val Kilmer
82.3%
Tom Cruise
15.6%
Magnolia Tom Cruise
80.4%
Val Kilmer
17.6%
True Romance Val Kilmer
77.7%
Tom Cruise
20.4%
Willow Val Kilmer
76.2%
Tom Cruise
21.7%
Knight and Day Tom Cruise
75.1%
Val Kilmer
23.1%
Legend Tom Cruise
60.9%
Val Kilmer
37.3%

Today's Daily Dose

You're not logged in!

Compare scores with friends on all Sporcle quizzes.
OR
Log In

Show Comments

Extras

Top Quizzes Today


Score Distribution

Your Account Isn't Verified!

In order to create a playlist on Sporcle, you need to verify the email address you used during registration. Go to your Sporcle Settings to finish the process.

Report this User

Report this user for behavior that violates our Community Guidelines.

Details: